000 00407nam a2200169Ia 4500
008 260520s2024 xx 000 0 und d
020 _a9789363863835
041 _aeng
082 _a657.42/FAR
100 _aFarmer, K C
245 _aCost Accounting
250 _a1st ed
260 _aNEW DELHI
_bWiley India pvt Litd
_c2024
300 _a18.35p.
500 _aCat No: 15128
650 _aMANAGEMENT
999 _c1222205
_d1222205